000 00342nam a2200145Ia 4500
008 230917s9999||||xx |||||||||||||| ||und||
040 _e60952
_aMAIN
041 _aEnglish
082 _a823.7 E44S
100 _aEliot, George
245 0 _aScenes of clerical life
260 _aMiddlesex
_bPenguin
_c1980
300 _a431 p.
942 _cBK
999 _c223440
_d223440